Scandinavian Countries and Territorries - Statistics

General Stats
  • This quiz has been taken 56 times
  • The average score is 8 of 11
Answer Stats
Answer % Correct
Norway
100%
Sweden
100%
Denmark
98%
Finland
96%
Iceland
90%
Greenland
88%
Faroe Islands
86%
Svalbard
63%
Jan Mayen
29%
Aland Islands
25%
Bouvet Island
18%
No matching quizzes found
Score Distribution
Percent of People with Each Score
Percentile by Number Answered
Your Score History
You have not taken this quiz